La locación urbana en la Ley 20.625 (Registro nro. 6290)

Detalles MARC
000 -LEADER
fixed length control field 00990 a2200205 4500
001 - CONTROL NUMBER
control field 57778
005 - DATE AND TIME OF LATEST TRANSACTION
control field 20260407155838.0
008 - FIXED-LENGTH DATA ELEMENTS--GENERAL INFORMATION
fixed length control field 260407a1974 arg spa d
003 - CONTROL NUMBER IDENTIFIER
control field AR-UNSa-BCEJYS
040 ## - CATALOGING SOURCE
Original cataloging agency AR-UNSa-BCEJYS
Language of cataloging spa
Transcribing agency AR-UNSa-BCEJYS
080 ## - UNIVERSAL DECIMAL CLASSIFICATION NUMBER
Universal Decimal Classification number 347.453
Common auxiliary subdivision Alquiler. Arrendamiento (Locaciones urbanas)
041 ## - LANGUAGE CODE
Language code of text/sound track or separate title spa
100 1# - MAIN ENTRY--PERSONAL NAME
Personal name Clavell Borrás, Javier
245 10 - TITLE STATEMENT
Title La locación urbana en la Ley 20.625
264 #1 - PRODUCTION, PUBLICATION, DISTRIBUTION, MANUFACTURE, AND COPYRIGHT NOTICE
Place of production, publication, distribution, manufacture Buenos Aires :
Name of producer, publisher, distributor, manufacturer EDIAR
Date of production, publication, distribution, manufacture, or copyright notice 1974
300 ## - PHYSICAL DESCRIPTION
Extent 341 p.
Dimensions 23 cm.
505 ## - FORMATTED CONTENTS NOTE
Formatted contents note 1. Ámbito de aplicación y exclusiones – 2. Régimen de precios – 3. Continuadores de la locación – 4. Desalojo por falta de pago – 5. Disposiciones procesales – 6. Opción de compra – 7. Del seguro obligatorio de garantía – 8. Disposiciones transitorias – 9. Alcance de aplicación – 10. Competencia de aplicación administrativa – 11. Vigencia – 12. Facultades de interpretación judicial
590 ## - LOCAL NOTE (RLIN)
Local note niveau_biblio:m niveau_hierar:0
942 ## - ADDED ENTRY ELEMENTS (KOHA)
Koha item type
Existencias
Withdrawn status Lost status Damaged status Not for loan Home library Current library Shelving location Date acquired Total checkouts Full call number Barcode Date last seen Price effective from Koha item type
        Biblioteca Prof. Eusebio Cleto del Rey Biblioteca Prof. Eusebio Cleto del Rey   07/04/2026   347.453 C617 L87208 07/04/2026 07/04/2026 Libro